| 000 | 00407nam a22001457a 4500 | ||
|---|---|---|---|
| 999 |
_c3836 _d3836 |
||
| 008 | 200703b ||||| |||| 00| 0 eng d | ||
| 082 | 0 | 0 |
_a515.352 _bB9599 |
| 100 |
_93171 _aBurkill, John Charles. |
||
| 245 | 1 | 0 |
_aTheory of ordinary differential equations _cby John Charles. Burkill |
| 260 |
_aEdinburg _bOliver and Boyd _c1956 |
||
| 300 | _aix,101p. | ||
| 365 | _d6.80 | ||
| 650 | 0 | _aMathematics | |
| 942 | _cBK | ||